000 00683nam a2200241Ia 4500
003 OSt
005 20221005093238.0
006 a|||||r|||| 00| 0
007 ta
008 221004b |||||||| |||| 00| 0 eng d
024 _a18910
037 _bGift, 04/06/2015,
_cTextual
040 _aCRL
_cCRL
_beng
041 _2eng
_aeng
082 _aO111,1L57:g, J9
100 _aSchorer Mark
245 0 _aWilliam blake
_b The politics of vision
260 _aNew York
_bVintage Books U.S.A
_c1959
300 _a450p.
_ccm.
650 _aENGLISH LITERATURE
942 _hO111,1L57:g, J9
_cTEXL
_2cc
999 _c1000053
_d1000053